Nadadorzinho (Registo nº 1174)

Detalhes MARC
000 -Etiqueta do registo
Cabeçalho 00750nam a2200277 4500
005 - Identificador da versão
Campo de controlo 20240813121827.0
010 ## - Número internacional normalizado dos livros (ISBN)
Número (ISBN) 9789728781590
021 ## - Número do Depósito Legal
Código do país PT
Número 254676/07
100 ## - Dados gerais de processamento
Dados gerais de processamento 20070628d20072010a y0pory5003 ba
102 ## - Pais de publicação ou produção
País de publicação Portugal
101 1# - Língua de publicação
Língua do texto, banda sonora, etc. Português
Língua do documento no original Inglês
215 ## - Descrição física 
Indicação específica da natureza do documento e extensão da espécie [30] p.
Outras indicações físicas il.
200 1# - Titulo e menção de responsabilidade
Título próprio Nadadorzinho
Primeira menção de responsabilidade Leo Lionni
Outras menções de responsabilidade trad. Isabelle Buratti, Mariana Wallenstein
225 2# - Colecção 
Título próprio da colecção Livros para sonhar
205 ## - Menção da edição
Menção da edição 2ª ed.
210 ## - Publicação, Distribuição, etc. 
Lugar da edição, distribuição, etc. Lisboa
Nome do editor, distribuidor, etc. Kalandraka
Data da publicação, distribuição, etc. 2007
304 ## - Notas relativas a título e menção de responsabilidade 
Texto da nota Tit. org.: Swimmy
675 ## - Classificação Decimal Universal (CDU)
Notação 087.5
Edição BN
Língua da edição por
702 #1 - Nome de autor-pessoa física (responsabilidade secundária)
Número de registo de entrada de autoridade 0001658
Palavra de ordem Buratti
Outra parte do nome não tomada para palavra de ordem Isabelle
Código de função Tradutor
Número de registo de entrada de autoridade 0001659
Palavra de ordem Wallestein
Outra parte do nome não tomada para palavra de ordem Mariana
Código de função Tradutor
700 #1 - Nome de autor-pessoa física (responsabilidade principal)
Número de registo de entrada de autoridade 0001657
Palavra de ordem Lionni
Outra parte do nome não tomada para palavra de ordem Leo
942 ## - Elementos de entrada adicionados (Koha)
Tipo de item no Koha Livro
Exemplares
Situação do levantamento Origin of item (home branch) (coded) Biblioteca de empréstimo Código de barras Cota Circulation type (not for loan) Tipo de documento Nota do exemplar Damaged status
  Biblioteca Escolar Eng. Nuno Mergulhão Biblioteca Escolar Eng. Nuno Mergulhão BENM2127 8EST LIO   Livro Sem mensagem